000 00627cab a2200205 4500
001 X3315
008 090401t1996 xxu||||| |||| 00| 0 eng d
035 _a(Sirsi) u29731
041 _aeng
245 _aRICS responds to Labour review of planning system
260 _c1996
350 _a0
490 _aCSM (Chartered Surveyor Monthly)
_v5(5) February 1996, 5(1)
520 _aSummarises the main points of the RICS response to the Labour Party review of the planning system.
650 _aLABOUR PARTY POLICY
650 _aPLANNING ISSUES
690 _aPLANNING LAW AND PRACTICE
942 _n0
948 _c04/03/1997
999 _c19995
_d19995